000 01909nam a22001817a 4500
003 OSt
005 20220107122808.0
008 160301b xxu||||| |||| 00| 0 eng d
040 _c
100 _aArun As (92213001)
_98284
245 _aQuestion answering system for railway schedule
502 _bMaster of Science in Computational Science
_c2013-2015
_dEXT
_eT.K Manoj Kumar
_fRadhika Mamidi ( Assistant professor)
_g" International Institute of Information Technology-Hyderabad"
520 _aUsing a computer to answer questions has been a human dream since the beginning of the digital era. A first step towards the achievement of such an ambitious goal is to deal with natural language to enable the computer to understand what its user asks. The discipline that studies the connection between natural language and the representation of its meaning via computational models is computational linguistics. According to such discipline, Question Answering can be defined as the task that, given a question formulated in natural language, aims at finding one or more concise answers. Here I am implementing question answering system in railway schedule. The system will handle seven types of queries. The domain will be the local train schedule in Trivandrum central railway station. This is a template based system. If we are giving a natural language question, the question run on the Stanford parser and extracting the key word from the parser and fill it in the template. Here the templates are from station, to station, via station, train name, train number, arrival time, departure time etc. If any template is missing it will form a query and run on the database and give the answer from database. The final output we get is in natural language.
650 _aINFORMATION SYSTEMS
_98285
650 _aINFORMATION RETRIEVAL
_98286
650 _aNATURAL LANGUAGE PROCESSING
_98287
942 _2ddc
_cPR
999 _c4931
_d4931